000 00477pab a2200157 454500
008 180718b2012 xxu||||| |||| 00| 0 eng d
100 _aMurray, Richard
245 _aCommentary on contribution of Andrew wear on collaborative approaches to regional governance - lessons from Victoria
260 _c2012
300 _ap.475-476.
362 _aDec
650 _aRegional development
773 _aAustralian Journal of Public Administration
908 _aN
909 _a98836
999 _c98835
_d98835